000 00826nam a2200265 a 4500
001 50406
003 BD-RjUL
005 20211209075513.0
008 750505s19581965gw b 000 0 eng
035 _a(BD-RjUL)50526
035 _a(OCoLC)
040 _aDLC
_cGAT
_dOCoLC
_dDLC
_beng
041 _aeng
082 _a517.5
_a518*
_bJEU 1965
100 1 _aJenkins, James Allister
_d1923-
_9151042
245 1 0 _aUnivalent functions and conformal mapping /
_cJames Allister Jenkins
260 _aBerlin :
_bSpringer,
_c1965
300 _a167 p.;
_c23 cm.
490 0 _aErgebnisse der Mathematik und ihrer Grenzgebiete, n.F., Heft 18. Reihe: Moderne Funktionentheorie
504 _aIncludes bibliography.
650 0 _aFunctions.
_9151043
650 0 _aConformal mapping.
_9151028
942 _2ddc
_cBK
999 _c50406
_d50406